| 000 | 00765pam a2200217 a 4500 | ||
|---|---|---|---|
| 020 | _a0804720614 (alk. paper) : | ||
| 020 | _a0804721025 (pbk. : alk. paper) : | ||
| 040 | _cDLC | ||
| 082 | 0 | 0 | _a630 STA 1993 A052 Or. |
| 100 | 1 | _aNetting, Robert McC. | |
| 245 | 1 | 0 |
_aSmallholders, householders : _bfarm families and the ecology of intensive, sustainable agriculture / |
| 260 |
_aStanford, Calif. : _bStanford University Press, _c1993. |
||
| 300 |
_axxi, 389 p., [30] p. of plates : _bill., map ; _c24 cm. |
||
| 650 | 0 | _aTraditional farming. | |
| 650 | 0 | _aAgricultural ecology. | |
| 650 | 0 | _aAgriculture | |
| 650 | 0 | _aSustainable agriculture. | |
| 650 | 0 | _aFamily farms. | |
| 856 | 4 | 2 | _uhttp://www.loc.gov/catdir/description/cam025/92020376.html |
| 942 | _cEK | ||
| 999 |
_c14548 _d14548 |
||